| 000 | 01253nam a2200217Ia 4500 | ||
|---|---|---|---|
| 003 | Ost | ||
| 005 | 20260507075731.0 | ||
| 008 | 260507s9999||||xx |||||||||||||| ||und|| | ||
| 020 | _a1555249960 | ||
| 040 | _cfsecg | ||
| 041 | _aara | ||
| 082 | _a658.05 | ||
| 100 |
_aنجم، عبود نجم _eمؤلف |
||
| 245 | 0 |
_aالادارة الالكترونية : _bالاستراتيجية والوظائف والمشكلات / _c عبود نجم نجم |
|
| 260 |
_aالرياض: _bدار المريخ للنشر, _c2004 |
||
| 300 |
_a488 صفحة؛ _c24 سم |
||
| 504 | _aبيبليوغرافيا ص.486 -488. | ||
| 520 | _aالمدخل الى الاعمال الالكترونية ، الاقتصاد الالكترونى او الرقمى ، الادارة الرقمية ، الادارة الالكترونية ومقولة نهاية الادارة ، الانترنت والاستراتيجية ، وظائف الادارة الالكترونية ، ادارة بعض الادوات والانشطة على الانترنت ،الشركات الافتراضية ، ادارة المعرفة ، الملكية الفكرية فى العصر الرقمى . | ||
| 653 | _aتكنولوجيا المعلومات - ادارة | ||
| 942 | _cكتاب | ||
| 999 |
_c46040 _d46040 |
||